| 000 | 00456 a2200169 4500 | ||
|---|---|---|---|
| 003 | OSt | ||
| 005 | 20240111143245.0 | ||
| 008 | 240111b |||||||| |||| 00| 0 eng d | ||
| 020 | _a9789382581642 | ||
| 040 | _coclc | ||
| 082 |
_a297 _bAKB/F |
||
| 100 |
_aAkbar, M M _92026 |
||
| 245 |
_aFacism valarunna vazhi / _cM M Akbar |
||
| 260 |
_aKerala: _bDa'wa books, _c2015. |
||
| 300 | _a94p | ||
| 942 |
_2ddc _cBK _h297 _iAKB/F _k297 _mAKB/F |
||
| 999 |
_c43128 _d43128 |
||